| 000 | 00935nam a2200229 i 4500 | ||
|---|---|---|---|
| 001 | 41586 | ||
| 003 | ES-MaACL | ||
| 005 | 20250903005837.0 | ||
| 007 | t| | ||
| 008 | 030311s1873 sp ||||1| spa d | ||
| 080 | _a517 | ||
| 100 | 1 |
_aCassinello, Pelegrín _936359 |
|
| 245 | 1 | 0 |
_aIdea general de la naturaleza y aplicaciones del cálculo infinitesimal : _bdiscurso aprobado en la Universidad Central al recibir el grado de doctor en la Facultad de Ciencias (Sección Exactas) / _cPelegrín Cassinello. |
| 260 |
_aMadrid : _b[s.n.], _c1873 ( _fImp. de Andrés Orejas) |
||
| 300 |
_a64 p. ; _c24 cm. |
||
| 530 | _aDisponible en formato digital. | ||
| 650 | 7 |
_aCálculo _2embne _910668 |
|
| 710 | 2 |
_aUniversidad Central (Madrid). _bFacultad de Ciencias. _97088 |
|
| 852 | 4 |
_aES-MaACL _jT-152-F-1 |
|
| 856 | 4 |
_uhttp://bdh-rd.bne.es/viewer.vm?id=0000125190&page=1 _zBiblioteca Digital Hispánica |
|
| 999 |
_c41586 _d41586 |
||